1165 1229 1682 1714 1192 1069 1895 1216 1986 1880 1596 1711 1721 1410 1164 1811 1699 1187 1062 1109 1656 1277 1919 1025 1074 1237 1707 1402 1929 1555 1181 1422 1404 1261 1511 1721 1549 1717 1493 1372 1649 1237 1558 1783 1450 1579 1703 1512 1610 1574 1144 1286 1293 1161 1746 1352 1142 1750 1227 1186 1871 1310 1765 1680 1595 1495 1548 1433 1785 1627 1127 1926 1569 1970 1208 1474 1921 1652 1606 1059 1586 1941 1336 1975 1968 1652 1581 1364 1253 1946 1490 1540 1204 1095 1525 1011 1710 1243 1326 BCNSPRNW ULIB Ver.6.0+V

เปลี่ยนเป็นภาษาไทย

Change to English
 แสดงรายละเอียดบรรณานุกรม
  กลับหน้าหลัก

Brief Record : Get Marc (ISO 2709) : E-mail record : QR code < ปิดหน้าต่าง
LEADER : 00000nam 2200000uu 4500
001    13399112326
003     ULIB
008    110627s||||||||th 000 0 tha d
020    8858710304091
090    นว.^bก765ด มปป.
100 0  เกรีดา
245 00 ดอกเบี้ยแสนสวาท/^cเกรีดา
260    กรุงเทพฯ :^bมายเลิฟ,^cมปป.
300    415 หน้า
710 1  มายเลิฟ
945    ^p265^l0^i030389
995    ทศพร
999 ^a ใช้งานได้ทุกระบบ
รายการนี้ยังไม่มีแท็ก
คุณยังไม่ได้ล็อกอิน คุณสามารถมีกิจกรรมร่วมกับเว็บไซต์ได้ แต่ต้องล็อกอินก่อน ::
  ล็อกอิน

รายการสื่อสารสนเทศ

ลำดับที่ ประเภท เลขเรียก/บาร์โค้ด สถานที่ สถานะ
- ไม่พบข้อมูล -

BibComment


ยังไม่เคยถูกคอมเมนท์

คอมเมนท์ทรัพยากรรายการนี้
  คอมเมนท์: ดอกเบี้ยแสนสวาท เ..


 Copyright 2026. Bcnsprnw @Library